Él me nombró Malala
Malala Yousafzai se convirtió en una figura mundial contra la discriminación de las mujeres en las sociedades islámicas, una luchadora por el acceso a la educación de las mujeres de Paquistán. En 2012, cuando tenía 15 años, sufrió un atentado. Perseguida y amenazada, es la mujer más joven de la hist...
Guardado en:
| Autor Principal: | |
|---|---|
| Autor Corporativo: | |
| Otros Autores: | , |
| Formato: | |
| Idioma: | Undetermined |
| Publicado: |
Emiratos Árabes,
2015.
|
| Materias: | |
| Etiquetas: |
Agregar Etiqueta
Sin Etiquetas, Sea el primero en etiquetar este registro!
|
| LEADER | 01455ngm a22002295a 4500 | ||
|---|---|---|---|
| 001 | CEM.cems021011 | ||
| 008 | 240412s2015####xx#---############vlund#d | ||
| 005 | 20240412141435.0 | ||
| 245 | 1 | 0 | |a Él me nombró Malala |h [videograbación] / |c Davis Guggenheim. |
| 260 | |a Emiratos Árabes, |c 2015. | ||
| 300 | |a 88'. | ||
| 520 | |a Malala Yousafzai se convirtió en una figura mundial contra la discriminación de las mujeres en las sociedades islámicas, una luchadora por el acceso a la educación de las mujeres de Paquistán. En 2012, cuando tenía 15 años, sufrió un atentado. Perseguida y amenazada, es la mujer más joven de la historia galardonada con el Nobel de la Paz. Un documental del cineasta Guggenheim que invita a conocer la actividad y la historia de esta referente en la lucha por los derechos de las minorías a nivel mundial. | ||
| 590 | |a Identificación anterior: 413 | ||
| 538 | |a 1. Soporte: DVD - Formato: AVI - Peso:698mb - Resolución:640 x 336 - 23.98fps - 2. Soporte: DVD - Formato: MPG - Peso: 829mb - Resolución: 352 x 288 - 25fps | ||
| 500 | |a Título original: He Named Me Malala - Idioma original: Árabe e inglés Doblada al español. | ||
| 100 | 1 | |a Guggenheim, Davis. | |
| 700 | 1 | |a Yousafzai, Malala; Reparto. | |
| 700 | 1 | |a Newman, Thomas; Música. | |
| 710 | 2 | |a Imagenation Abu Dhabi FZ. | |
| 653 | |a LARGOMETRAJE | ||
| 653 | |a DOCUMENTAL | ||
| 859 | |a CEMS |b BIB. CEMS - Depto. Recursos Didacticos |h 778.5 |i GUG-1 |k DRD |p 3347.24 |t Ej.1 | ||
